| 000 | 00467nam a22001697a 4500 | ||
|---|---|---|---|
| 999 |
_c524104 _d524104 |
||
| 003 | NUST | ||
| 038 | _awaseem | ||
| 082 |
_a908 _bMUJ |
||
| 100 |
_aMujtiba, Al-Syed _914927 |
||
| 245 |
_aMagrib Tamadan Ki Aik Jalak / _cAl-Syed Mujtiba |
||
| 260 |
_aNew Delhi : _bTaj Press, _c[n.d]. |
||
| 300 | _a296 p. ; | ||
| 500 | _aPaperback. | ||
| 880 |
_6100-02\r _aالسید مجتبی |
||
| 880 |
_6245-02\r _aمغرنی تمدن کی ایک جھلک / |
||
| 942 |
_2ddc _cBK |
||